| 000 | 00000nam 2200000zi 4500 |
| 001 | 9.907067 |
| 003 | CaOODSP |
| 005 | 20241008124018 |
| 006 | m o d f |
| 007 | cr cn||||||||| |
| 008 | 220119t20222022oncd ob f000 0 eng d |
| 020 | |a9780660416960 |
| 040 | |aCaOODSP|beng|erda|cCaOODSP |
| 043 | |an-cn--- |
| 086 | 1 |aIu173-38/2022E-PDF |
| 245 | 00|aLearning together for responsible artificial intelligence : |breport of the public awareness working group. |
| 264 | 1|a[Ottawa] : |bInnovation, Science and Economic Development Canada = Innovation, sciences et développement économique Canada, |c[2022] |
| 264 | 4|c©2022 |
| 300 | |a1 online resource (79 pages) : |bgraphs |
| 336 | |atext|btxt|2rdacontent |
| 337 | |acomputer|bc|2rdamedia |
| 338 | |aonline resource|bcr|2rdacarrier |
| 500 | |aIssued also in French under title: Apprendre ensemble pour une intelligence artificielleresponsable : rapport du groupe de travail sur la sensibilisation du public. |
| 504 | |aIncludes bibliographical references. |
| 650 | 0|aArtificial intelligence|zCanada. |
| 650 | 0|aArtificial intelligence|xGovernment policy|zCanada. |
| 710 | 1 |aCanada. |bInnovation, Science and Economic Development Canada, |eissuing body. |
| 775 | 08|tApprendre ensemble pour une intelligence artificielle responsable : |w(CaOODSP)9.907069 |
| 856 | 40|qPDF|s3.15 MB|uhttps://publications.gc.ca/collections/collection_2023/isde-ised/Iu173-38-2022-eng.pdf |
| 856 | 4 |qHTML|sN/A|uhttps://ised-isde.canada.ca/site/advisory-council-artificial-intelligence/en/public-awareness-working-group/learning-together-responsible-artificial-intelligence |